La Naturaleza Herida : (Record no. 2766)

000 -CABECERA
fixed length control field 00834nam a22002417a 4500
003 - IDENTIFICADOR DEL NÚMERO DE CONTROL
control field AR-CdUCM
008 - DATOS DE LONGITUD FIJA--INFORMACIÓN GENERAL
fixed length control field 190305b ||||| |||| 00| 0 spa d
020 ## - NÚMERO INTERNACIONAL ESTÁNDAR DEL LIBRO
ISBN 950-694-150-5
040 ## - FUENTE DE LA CATALOGACIÓN
Agencia/entidad que catalogó originalmente la obra MUNICIPALIDAD PROVINCIAL DEL CUSCO
Entidad que transcribió la catalogación BIBLIOTECA MUNICIPAL DEL CUSCO
082 ## - NÚMERO DE LA CLASIFICACIÓN DECIMAL DEWEY
No. de Clasificación 363.7 /
Notacion interna B45
100 ## - ENTRADA PRINCIPAL--NOMBRE DE PERSONA
Nombre Personal Berger, John J
245 ## - MENCIÓN DE TÍTULO
Título La Naturaleza Herida :
Resto del título Iniciativas para Recuperar la Tierra /
260 ## - PUBLICACIÓN, DISTRIBUCIÓN, ETC.
Lugar de publicación, distribución, etc. Buenos Aires :
Nombre de la editorial, distribuidor, etc. Grupo editor latinoamericano,
Fecha de publicación, distribución, etc. 1991.
300 ## - DESCRIPCIÓN FÍSICA
Nº de Páginas Extensión 199 paginas ;
Dimensiones 23cm.
505 ## - NOTA DE CONTENIDO CON FORMATO
Nota de contenido formateada Contenido- Aguas Brillantes -- Nuevas Tierras -- La renovacion de la vida silvestre -- Asentamientos humanos
650 ## - PUNTO DE ACCESO ADICIONAL DE MATERIA--TÉRMINO DE MATERIA
Descriptor Ecologia
9 (RLIN) 4960
650 ## - PUNTO DE ACCESO ADICIONAL DE MATERIA--TÉRMINO DE MATERIA
Descriptor Obras de divulgación
9 (RLIN) 9644
650 ## - PUNTO DE ACCESO ADICIONAL DE MATERIA--TÉRMINO DE MATERIA
Descriptor Latinoamerica
9 (RLIN) 4398
700 ## - PUNTO DE ACCESO ADICIONAL--NOMBRE DE PERSONA
Nombre Personal Piña, Cristina
9 (RLIN) 9645
942 ## - ELEMENTOS DE PUNTO DE ACCESO ADICIONAL (KOHA)
Fuente de clasificación
Tipo de item Libros-BMC
945 ## - PROCESAMIENTO DE INFORMACIÓN LOCAL (OCLC)
Catalogador pjha
Holdings
Estado de retiro (separado) Fuente de clasificación o esquema de estanterías Estado dañado Ubicación Sala donde se ubica Nombre de la colección Fecha de adquisición o compra Costo, precio normal en soles Signatura topográfica Código de Barras Última vez visto (Koha) Tipo de ítem (Koha)
No     Sala Humanidades Sala Humanidades Book Cart 2019-03-05 30.00 363.7 / B45 SH0000003171 2019-03-05 Libros-BMC

Powered by Koha